00394nam a2200157 a 450000100060000000300090000600800410001502000150005604000280007108200160009910000240011524500340013926000330017330000110020665000190021720066CO-ViMGA141112s2004 ck r 000 u spa d a9587040465 aCO-ViMGAbspacCO-ViMGA04aPe863 V173p1 aVargas Llosa, Mario10aEl Paraiso en la otra esquina aBogotá : bAguilar, c2003 a485 p.14aNOVELA PERUANA